[Event "Regionalliga SO 1213"]
[Site "Bayern"]
[Date "2012.10.14"]
[Round "1.5"]
[White "Billenkamp, Thomas"]
[Black "Gil, Arthur"]
[Result "1/2-1/2"]
[WhiteElo "1920"]
[BlackElo "1941"]
[PlyCount "33"]
[EventDate "2012.10.14"]
[EventType "team-tourn"]
[EventRounds "9"]
[EventCountry "GER"]
[SourceTitle "EXT 2015"]
[Source "ChessBase"]
[SourceDate "2014.11.20"]
[SourceVersion "1"]
[SourceVersionDate "2014.11.20"]
[SourceQuality "1"]
[WhiteTeam "Tegernsee"]
[BlackTeam "Ebersberg Grafing"]
[WhiteTeamCountry "GER"]
[BlackTeamCountry "GER"]

1. Nf3 c5 2. c4 Nc6 3. d4 cxd4 4. Nxd4 g6 5. e4 Bg7 6. Be3 Nf6 7. Nc3 Ng4 8. Qxg4 Nxd4 9. Qd1 Ne6 10. Rc1 0-0 11. Be2 d6 12. 0-0 Bd7 13. Qd2 Bc6 14. Nd5 Nc5 15. f3 a5 16. Rfd1 a4 17. Bd4 1/2-1/2

[Event "Regionalliga SO 1112"]
[Site "Bayern"]
[Date "2011.11.20"]
[Round "3.6"]
[White "Kretschel, Klaus"]
[Black "Billenkamp, Thomas"]
[Result "1-0"]
[WhiteElo "1958"]
[BlackElo "1964"]
[PlyCount "69"]
[EventDate "2011.10.02"]
[EventType "team-tourn"]
[EventRounds "9"]
[EventCountry "GER"]
[SourceTitle "EXT 2013"]
[Source "ChessBase"]
[SourceDate "2012.11.22"]
[SourceVersion "1"]
[SourceVersionDate "2012.11.22"]
[SourceQuality "1"]
[WhiteTeam "Unterpfaffenhofen"]
[BlackTeam "Tegernsee"]
[WhiteTeamCountry "GER"]
[BlackTeamCountry "GER"]

1. Nf3 Nf6 2. c4 g6 3. Nc3 Bg7 4. g3 d6 5. Bg2 e5 6. 0-0 0-0 7. d4 exd4 8. Nxd4 Nbd7 9. Rb1 Re8 10. e4 a6 11. f3 Rb8 12. Be3 Ne5 13. b3 c5 14. Nde2 b5 15. cxb5 axb5 16. Nf4 b4 17. Ncd5 Nxd5 18. Nxd5 Bb7 19. Qd2 Nc6 20. Bg5 Bd4+ 21. Kh1 f6 22. Bf4 Bc8 23. Rfd1 Be6 24. h4 Bxd5 25. exd5 Bc3 26. Qf2 Nd4 27. Be3 Nf5 28. Rd3 Qe7 29. Bh3 Nd4 30. a4 f5 31. Bf4 Rbd8 32. Bg5 Qd7 33. Bxd8 Re2 34. Qf1 Qxd8 35. Rxd4 1-0

[Event "Landesliga Sued 0809"]
[Site "Bayern"]
[Date "2009.03.15"]
[Round "8.6"]
[White "Sindermann, Peter"]
[Black "Billenkamp, Thomas"]
[Result "0-1"]
[WhiteElo "1944"]
[BlackElo "1971"]
[PlyCount "104"]
[EventDate "2008.10.05"]
[EventType "team-tourn"]
[EventRounds "9"]
[EventCountry "GER"]
[SourceTitle "EXT 2020"]
[Source "ChessBase"]
[SourceDate "2019.10.17"]
[SourceVersion "1"]
[SourceVersionDate "2019.10.17"]
[SourceQuality "1"]
[WhiteTeam "Weilheim"]
[BlackTeam "Tegernsee II"]
[WhiteTeamCountry "GER"]
[BlackTeamCountry "GER"]

1. c4 g6 2. d4 Nf6 3. Nc3 Bg7 4. e4 d6 5. f4 0-0 6. Nf3 c5 7. d5 e6 8. Be2 exd5 9. cxd5 Bg4 10. h3 Bxf3 11. Bxf3 Nbd7 12. 0-0 Re8 13. Bd2 c4 14. Kh1 a6 15. Rb1 Nc5 16. Re1 Nd3 17. Re2 Nd7 18. b3 Qh4 19. bxc4 Nxf4 20. Be1 Qh6 21. Rc2 Ne5 22. Bd2 Nxc4 23. Bxf4 Qxf4 24. Ne2 Qh4 25. Rxc4 b5 26. Rcb4 Be5 27. a4 bxa4 28. Qxa4 h5 29. Qd1 Kg7 30. Qe1 Qf6 31. Nc1 Bc3 32. e5 Bxe5 33. Qd1 Bc3 34. Re4 Rxe4 35. Bxe4 Re8 36. Qc2 Rxe4 37. Qxe4 Qf1+ 38. Kh2 Be5+ 39. g3 Qf2+ 40. Qg2 Bxg3+ 41. Kh1 Qe1+ 42. Qg1 Qe4+ 43. Qg2 Qxb1 44. Qxg3 Qxc1+ 45. Kg2 Qd2+ 46. Kf1 Qxd5 47. Qc3+ Qe5 48. Qc7 a5 49. Qa7 Qa1+ 50. Ke2 a4 51. Qd7 a3 52. Qxd6 Qb2+ 0-1

[Event "Regionalliga SO 0607"]
[Site "Bayern"]
[Date "2007.03.18"]
[Round "7.8"]
[White "Trapp, Maximilian"]
[Black "Billenkamp, Thomas"]
[Result "1/2-1/2"]
[WhiteElo "1940"]
[BlackElo "1959"]
[PlyCount "61"]
[EventDate "2006.10.15"]
[EventType "team-tourn"]
[EventRounds "9"]
[EventCountry "GER"]
[SourceTitle "EXT 2008"]
[Source "ChessBase"]
[SourceDate "2007.11.25"]
[SourceVersion "1"]
[SourceVersionDate "2007.11.25"]
[SourceQuality "1"]
[WhiteTeam "Freising"]
[BlackTeam "Tegernsee II"]
[WhiteTeamCountry "GER"]
[BlackTeamCountry "GER"]

1. d4 Nf6 2. Nf3 g6 3. g3 Bg7 4. Bg2 0-0 5. 0-0 d6 6. Nbd2 Nbd7 7. e4 e5 8. c3 Re8 9. Qc2 c6 10. dxe5 Nxe5 11. Nxe5 dxe5 12. Nc4 Qc7 13. f4 Ng4 14. f5 b5 15. Qe2 Nf6 16. Ne3 Qb6 17. Kh1 a5 18. Ng4 Nxg4 19. Qxg4 b4 20. Qf3 Ba6 21. Be3 Qc7 22. Rfc1 Rab8 23. cxb4 Rxb4 24. b3 Bd3 25. Bb6 Qxb6 26. Qxd3 Rd8 27. Qe2 Rbd4 28. Rc2 Bh6 29. fxg6 hxg6 30. Rf1 Qb7 31. Qf3 1/2-1/2

[Event "Regionalliga SO 0607"]
[Site "Bayern"]
[Date "2006.11.19"]
[Round "3.7"]
[White "Schwertler, Philipp"]
[Black "Billenkamp, Thomas"]
[Result "0-1"]
[WhiteElo "1888"]
[BlackElo "1959"]
[PlyCount "74"]
[EventDate "2006.10.15"]
[EventType "team-tourn"]
[EventRounds "9"]
[EventCountry "GER"]
[SourceTitle "EXT 2008"]
[Source "ChessBase"]
[SourceDate "2007.11.25"]
[SourceVersion "1"]
[SourceVersionDate "2007.11.25"]
[SourceQuality "1"]
[WhiteTeam "Ilmmuenster"]
[BlackTeam "Tegernsee II"]
[WhiteTeamCountry "GER"]
[BlackTeamCountry "GER"]

1. d4 Nf6 2. c4 g6 3. Nc3 Bg7 4. e4 d6 5. f4 0-0 6. Nf3 c5 7. d5 b5 8. cxb5 a6 9. bxa6 Qa5 10. Bd2 Bxa6 11. Bxa6 Qxa6 12. Qe2 Nfd7 13. Qxa6 Nxa6 14. a3 c4 15. Ke2 Nac5 16. Ke3 Nb3 17. Rab1 Ndc5 18. Ne2 f5 19. Ng3 Nd3 20. exf5 Bxb2 21. fxg6 hxg6 22. Bb4 Nxb4 23. Rxb2 Nxd5+ 24. Ke4 e6 25. Ne2 Rxa3 26. Ng5 Nc5+ 27. Kd4 Rd3+ 28. Kxc4 Ne3+ 29. Kb5 Rb8+ 30. Kc6 Rxb2 31. Ng3 Nf5 32. Ra1 Ne7+ 33. Kc7 Rb7+ 34. Kd8 Nc6+ 35. Kc8 Na7+ 36. Kd8 Rd7+ 37. Ke8 Rb3 0-1

[Event "Regionalliga SO 0506"]
[Site "Bayern"]
[Date "2006.01.15"]
[Round "5.6"]
[White "Billenkamp, Thomas"]
[Black "Huber, Edwin"]
[Result "0-1"]
[WhiteElo "2002"]
[BlackElo "2000"]
[PlyCount "76"]
[EventDate "2005.10.23"]
[EventType "team-tourn"]
[EventRounds "9"]
[EventCountry "GER"]
[SourceTitle "EXT 2007"]
[Source "ChessBase"]
[SourceDate "2006.11.23"]
[SourceVersion "1"]
[SourceVersionDate "2006.11.23"]
[SourceQuality "1"]
[WhiteTeam "Tegernsee TV II"]
[BlackTeam "Ilmmuenster"]
[WhiteTeamCountry "GER"]
[BlackTeamCountry "GER"]

1. Nf3 g6 2. e4 Bg7 3. d4 c6 4. c4 d5 5. e5 Bg4 6. Be3 Nh6 7. cxd5 Qxd5 8. Nc3 Bxf3 9. gxf3 Qa5 10. Bd3 e6 11. Qd2 Nf5 12. Bxf5 exf5 13. Bh6 Bxh6 14. Qxh6 Na6 15. 0-0 Nc7 16. Rfd1 Nd5 17. Qd2 0-0-0 18. Ne4 Qxd2 19. Nxd2 Nf4 20. Nc4 Rxd4 21. Nd6+ Kc7 22. Nxf7 Rxd1+ 23. Rxd1 Re8 24. Kf1 Re7 25. Nd6 Rxe5 26. Nc4 Rd5 27. Re1 b5 28. Ne3 Rd2 29. Rb1 c5 30. a4 a6 31. axb5 axb5 32. Ke1 Re2+ 33. Kf1 Rd2 34. b3 Nd3 35. Rd1 Rxd1+ 36. Nxd1 Nc1 37. Nc3 Kc6 38. Ke1 b4 0-1

[Event "Regionalliga SO 0506"]
[Site "Bayern"]
[Date "2005.12.11"]
[Round "4.4"]
[White "Tuchenhagen, Axel"]
[Black "Billenkamp, Thomas"]
[Result "1/2-1/2"]
[WhiteElo "2085"]
[BlackElo "2002"]
[PlyCount "30"]
[EventDate "2005.10.23"]
[EventType "team-tourn"]
[EventRounds "9"]
[EventCountry "GER"]
[SourceTitle "EXT 2007"]
[Source "ChessBase"]
[SourceDate "2006.11.23"]
[SourceVersion "1"]
[SourceVersionDate "2006.11.23"]
[SourceQuality "1"]
[WhiteTeam "Starnberg SC"]
[BlackTeam "Tegernsee TV II"]
[WhiteTeamCountry "GER"]
[BlackTeamCountry "GER"]

1. d4 Nf6 2. Nc3 d5 3. Bg5 Bf5 4. f3 Nbd7 5. Nxd5 Nxd5 6. e4 h6 7. Bc1 e5 8. exf5 Qh4+ 9. g3 Qxd4 10. Qxd4 exd4 11. Ne2 Bc5 12. Nf4 N7f6 13. Bc4 0-0-0 14. Nd3 Rhe8+ 15. Kf2 Bb6 1/2-1/2

[Event "Regionalliga SO 0102"]
[Site "Bayern"]
[Date "2001.11.11"]
[Round "2.7"]
[White "Billenkamp, Thomas"]
[Black "Leibl, Ludwig"]
[Result "1/2-1/2"]
[WhiteElo "2005"]
[BlackElo "1890"]
[PlyCount "39"]
[EventDate "2001.10.07"]
[EventType "team"]
[EventRounds "9"]
[EventCountry "GER"]
[SourceTitle "EXT 2003"]
[Source "ChessBase"]
[SourceDate "2002.11.25"]
[SourceVersion "1"]
[SourceVersionDate "2002.11.25"]
[SourceQuality "1"]
[WhiteTeam "Tegernsee II"]
[BlackTeam "Straubing"]
[WhiteTeamCountry "GER"]
[BlackTeamCountry "GER"]

1. Nf3 f5 2. c4 Nf6 3. Nc3 c5 4. g3 Nc6 5. Bg2 g6 6. 0-0 Bg7 7. d4 cxd4 8. Nxd4 0-0 9. c5 Kh8 10. Nxc6 dxc6 11. e4 Qa5 12. exf5 Bxf5 13. Qb3 Bd3 14. Rd1 Ba6 15. Be3 Ng4 16. Ne4 Nxe3 17. fxe3 Bh6 18. Rd2 Qb5 19. Qc3+ Bg7 20. Qc2 1/2-1/2

[Event "Regionalliga SO 0001"]
[Site "Bayern"]
[Date "2000.10.15"]
[Round "1.8"]
[White "Rajic, Ivica"]
[Black "Billenkamp, Thomas"]
[Result "1-0"]
[WhiteElo "2055"]
[BlackElo "2025"]
[PlyCount "87"]
[EventDate "2000.10.15"]
[EventType "team-tourn"]
[EventRounds "9"]
[EventCountry "GER"]
[SourceTitle "EXT 2020"]
[Source "ChessBase"]
[SourceDate "2019.10.17"]
[SourceVersion "1"]
[SourceVersionDate "2019.10.17"]
[SourceQuality "1"]
[WhiteTeam "Starnberg SC"]
[BlackTeam "Tegernsee TV II"]
[WhiteTeamCountry "GER"]
[BlackTeamCountry "GER"]

1. d4 Nf6 2. c4 g6 3. Nc3 Bg7 4. e4 d6 5. h3 0-0 6. Nf3 e5 7. d5 a5 8. g4 Na6 9. Bg5 c6 10. Qd2 Nc5 11. Qe3 Qb6 12. 0-0-0 a4 13. Nd2 Bd7 14. Qf3 Qd8 15. Qe3 Qb6 16. f3 a3 17. b3 cxd5 18. exd5 Rfc8 19. Rh2 Qb4 20. Bxf6 Bxf6 21. Nce4 Nxe4 22. Nxe4 Bg7 23. Rc2 f5 24. Nd2 b5 25. Kb1 Re8 26. cxb5 Bxb5 27. gxf5 gxf5 28. Bxb5 Qxb5 29. Nc4 Qb8 30. Qg5 Qd8 31. Qxf5 Ra7 32. Rg2 Kh8 33. Rdg1 Rf8 34. Qe6 Rf6 35. Qg4 Rf4 36. Qg5 Qxg5 37. Rxg5 Rxf3 38. Nxd6 h6 39. Rg6 e4 40. Nxe4 Raf7 41. d6 Re3 42. Nd2 Re2 43. Nc4 Kh7 44. Rxg7+ 1-0

[Event "Landesliga Sued 9596"]
[Site "Bayern"]
[Date "1995.10.15"]
[Round "1"]
[White "Kieffer, Joachim"]
[Black "Billenkamp, Thomas"]
[Result "1-0"]
[WhiteElo "2070"]
[BlackElo "1948"]
[PlyCount "54"]
[EventDate "1995.10.15"]
[EventType "team-tourn"]
[EventRounds "9"]
[EventCountry "GER"]
[SourceTitle "EXT 2020"]
[Source "ChessBase"]
[SourceDate "2019.10.17"]
[SourceVersion "1"]
[SourceVersionDate "2019.10.17"]
[SourceQuality "1"]
[WhiteTeam "Ingolstadt"]
[BlackTeam "Tegernsee TV"]
[WhiteTeamCountry "GER"]
[BlackTeamCountry "GER"]

1. d4 Nf6 2. c4 g6 3. Nc3 Bg7 4. e4 d6 5. Be2 0-0 6. Nf3 e5 7. 0-0 Nc6 8. d5 Ne7 9. Nd2 c5 10. a3 Ne8 11. b4 b6 12. bxc5 bxc5 13. Nb3 f5 14. Bg5 Nf6 15. Nxc5 dxc5 16. d6 Be6 17. dxe7 Qxe7 18. f3 Rfd8 19. Nd5 Qf7 20. Rb1 Rd7 21. Qa4 Rc8 22. Qa6 Rcd8 23. Rb3 h6 24. Be3 f4 25. Bxc5 g5 26. Bf2 Rd6 27. Qxa7 Qg6 1-0